000 00639nam a22001697a 4500
003 OSt
005 20171010095536.0
008 121030t xxu||||| |||| 00| 0 eng d
040 _aMMSU
_cULS
100 _aGalamgam, Grachelle B.
_913925
245 _aSurvival and growth performance of Jathropa curcas L. as affected by diameter and length of cuttings
_cGrachelle B. Galamgam
260 _c2008
300 _axiv, 68 leaves
_c28 cm.
500 _aThesis (BS Forestry) -- Mariano Marcos State University-College of Agriculture, Food and Sustainable Development, Batac City
504 _aBibliography: leaves 48-49
942 _2ddc
_cTHEDIS
999 _c9844
_d9844